Ecoturismo de montaña en la provincia de Ñuble
Salvato in:
| Autore principale: | |
|---|---|
| Natura: | Libro |
| Lingua: | spagnolo |
| Pubblicazione: |
bic.
IPA.
2001.
|
| Soggetti: | |
| Tags: |
Aggiungi Tag
Nessun Tag, puoi essere il primo ad aggiungerne!!
|
MARC
| LEADER | 00000nam a22000005a 4500 | ||
|---|---|---|---|
| 001 | 12117 | ||
| 003 | CL-ChBUA | ||
| 005 | 20120815103401.0 | ||
| 008 | 070301s2001 cl 000 0dspa | ||
| 040 | |a CL-ChBUA |c CL-ChBUA | ||
| 090 | |c 12117 |d 12117 | ||
| 100 | 1 | |a Sepúlveda González, Luis M. | |
| 245 | 1 | 0 | |a Ecoturismo de montaña en la provincia de Ñuble |
| 260 | |b IPA. |a bic. |c 2001. | ||
| 300 | |a 114 p. |c 28 cm. | ||
| 500 | |a Seminario. | ||
| 504 | |a Bibl.; índice. | ||
| 650 | 4 | |a ECOTURISMO (ÑUBLE). | |
| 942 | |c LTS | ||
| 945 | |a Moisés, Alvial C. |c PROFESOR HISTORIA Y GEOGRAFIA. | ||
| 952 | |0 0 |1 0 |2 ddc |4 0 |6 SEM___HRIA__Y_GEO__SE_479_200100000000000_IPA_IMPRESO |7 0 |9 17299 |a UNACH |b UNACH |c Hemeroteca |d 2007-03-05 |i 33.214 |l 0 |o Sem. Hria. y Geo. / Se 479 2001 IPA Impreso. |p 18298 |r 2012-12-27 00:00:00 |u 17299 |w 2012-08-08 |y LTS |k Sem. Hria. y Geo. / Se 479 2001 IPA | ||
| 999 | |c 12117 |d 12117 | ||